| 000 | 00545nam a2200181Ia 4500 | ||
|---|---|---|---|
| 008 | 100917s9999 xx 000 0 und d | ||
| 082 | _b9287 | ||
| 100 | _aकोल्हटकर बाळ | ||
| 245 | _aदुरीतांचे तिमिर जावो | ||
| 260 |
_b--- _c1970 |
||
| 300 | _a103 | ||
| 365 | _b4 | ||
| 520 | _aनाटक | ||
| 630 | _aदुरीतांचे तिमिर जावो | ||
| 650 | _aनाटक | ||
| 730 | _aदुरीतांचे तिमिर जावो | ||
| 942 | _cBOOK | ||
| 999 |
_c614681 _d614678 |
||